<?xml version="1.0" encoding="UTF-8"?>
<record
    xmlns:xsi="http://www.w3.org/2001/XMLSchema-instance"
    xsi:schemaLocation="http://www.loc.gov/MARC21/slim http://www.loc.gov/standards/marcxml/schema/MARC21slim.xsd"
    xmlns="http://www.loc.gov/MARC21/slim">

  <leader>01225nam a2200277 a 4500</leader>
  <controlfield tag="001">1651187</controlfield>
  <controlfield tag="003">OSt</controlfield>
  <controlfield tag="005">20210819111055.0</controlfield>
  <controlfield tag="008">200218s2019    ck     gr     000 f spa d</controlfield>
  <datafield tag="020" ind1=" " ind2=" ">
    <subfield code="a">9789584278487</subfield>
  </datafield>
  <datafield tag="040" ind1=" " ind2=" ">
    <subfield code="a">CO-BoBLA </subfield>
    <subfield code="b">spa </subfield>
    <subfield code="c">CO-BqBPB</subfield>
  </datafield>
  <datafield tag="043" ind1=" " ind2=" ">
    <subfield code="a">s-ck---</subfield>
  </datafield>
  <datafield tag="082" ind1="0" ind2="4">
    <subfield code="a">AN</subfield>
    <subfield code="b">MU&#xD1;m</subfield>
  </datafield>
  <datafield tag="100" ind1="1" ind2=" ">
    <subfield code="a">Mu&#xFFFD;oz, Andr&#xFFFD;s Mauricio, </subfield>
    <subfield code="d">1974-</subfield>
  </datafield>
  <datafield tag="240" ind1="1" ind2="0">
    <subfield code="a">Cauca-Bibliograf&#xE1;a regional</subfield>
  </datafield>
  <datafield tag="245" ind1="1" ind2="4">
    <subfield code="a">Las margarita : </subfield>
    <subfield code="b">historia de un hombre min&#xFA;sculo / </subfield>
    <subfield code="c">Andr&#xE9;s Mauricio Mu&#xF1;oz.</subfield>
  </datafield>
  <datafield tag="260" ind1=" " ind2=" ">
    <subfield code="a">Bogot&#xE1; : </subfield>
    <subfield code="b">Editorial Planeta Colombiana ; </subfield>
    <subfield code="a">[Madrid] : </subfield>
    <subfield code="b">Seix Barral,</subfield>
    <subfield code="c">2019.</subfield>
  </datafield>
  <datafield tag="300" ind1=" " ind2=" ">
    <subfield code="a">218 p&#xE1;ginas ; </subfield>
    <subfield code="c">23 cm.</subfield>
  </datafield>
  <datafield tag="490" ind1="0" ind2=" ">
    <subfield code="a">Biblioteca breve</subfield>
  </datafield>
  <datafield tag="500" ind1=" " ind2=" ">
    <subfield code="a">A Manuel Rosero nunca le ha ido bien en el amor. Desde su infancia, cuando una compa&#xF1;era de colegio le propin&#xF3; un loncherazo en la cabeza, se ha sentido malentendido por las mujeres. En busca de claridad, pero tambi&#xE9;n de reivindicaci&#xF3;n, decide contarle su historial de agravios a una escritora. Al mismo tiempo, su relaci&#xF3;n con su novia feminista se desmorona por culpa de una infidelidad.</subfield>
  </datafield>
  <datafield tag="650" ind1=" " ind2="4">
    <subfield code="a">Novela colombiana.</subfield>
  </datafield>
  <datafield tag="650" ind1=" " ind2="4">
    <subfield code="a">Feminismo</subfield>
    <subfield code="v"> Novela.</subfield>
  </datafield>
  <datafield tag="650" ind1=" " ind2="4">
    <subfield code="a">Machismo</subfield>
    <subfield code="v"> Novela.</subfield>
  </datafield>
  <datafield tag="942" ind1=" " ind2=" ">
    <subfield code="2">ddc</subfield>
    <subfield code="c">BKLIT</subfield>
  </datafield>
  <datafield tag="949" ind1=" " ind2=" ">
    <subfield code="a">n     </subfield>
    <subfield code="b">n</subfield>
  </datafield>
  <datafield tag="999" ind1=" " ind2=" ">
    <subfield code="c">13714</subfield>
    <subfield code="d">13714</subfield>
  </datafield>
  <datafield tag="952" ind1=" " ind2=" ">
    <subfield code="0">0</subfield>
    <subfield code="1">0</subfield>
    <subfield code="2">ddc</subfield>
    <subfield code="4">2</subfield>
    <subfield code="7">0</subfield>
    <subfield code="8">LA</subfield>
    <subfield code="a">BPMOS</subfield>
    <subfield code="b">BPMOS</subfield>
    <subfield code="d">2021-08-19</subfield>
    <subfield code="e">COMPRA</subfield>
    <subfield code="l">2</subfield>
    <subfield code="o">AN MU&#xD1;m</subfield>
    <subfield code="p">MOS501459</subfield>
    <subfield code="r">2022-09-08</subfield>
    <subfield code="s">2022-07-26</subfield>
    <subfield code="t">ej 1</subfield>
    <subfield code="w">2021-08-19</subfield>
    <subfield code="y">BKLIT</subfield>
    <subfield code="z">Quince dias</subfield>
  </datafield>
  <datafield tag="952" ind1=" " ind2=" ">
    <subfield code="0">0</subfield>
    <subfield code="1">0</subfield>
    <subfield code="2">ddc</subfield>
    <subfield code="4">2</subfield>
    <subfield code="7">0</subfield>
    <subfield code="8">LA</subfield>
    <subfield code="a">BPMOS</subfield>
    <subfield code="b">BPMOS</subfield>
    <subfield code="d">2021-08-19</subfield>
    <subfield code="e">COMPRA</subfield>
    <subfield code="l">0</subfield>
    <subfield code="o">AN MU&#xD1;m</subfield>
    <subfield code="p">MOS501460</subfield>
    <subfield code="r">2021-08-19</subfield>
    <subfield code="t">ej 2</subfield>
    <subfield code="w">2021-08-19</subfield>
    <subfield code="y">BKLIT</subfield>
    <subfield code="z">Quince dias</subfield>
  </datafield>
</record>
